Datum a čas kvízu
35.5
Celkem bodů
Celkový počet nahraných bodů na tomto kvízu bez doplňovacích otázek.
4.
Pořadí na kvízu
Konečné umístění týmu na tomto kvízu.
Zaznamenané odpovědi
| # | Otázka | Odpověď | Body | Výsledky |
|---|---|---|---|---|
| 1. | Které všeobecně známé tradiční... | pochodu Praha - Prčice | 1 | |
| 2. | Odvolací soud ve středu potvrd... | Nicolas Sarkozy | 0 | |
| 3. | Minulý týden jsme se dozvěděli... | na Staroměstském orloji | 1 | |
| 4. | Staropramen minulý týden předs... | Orlando Bloom | 1 | |
| 5. | Který zápasník o víkendu poraz... | Patrik Kincl | 1 | |
| 6. | Ve třetím díle našeho cyklu si... | Connor | 0 | |
| 7. | Kriminální drama s prvky černé... | 1D 2A 3B 4C | 1 | |
| 8. | Děj filmu Kmotr 2 na třinácté... | Robert de Niro | 0 | |
| 9. | Dalším v pořadí je první díl J... | Liv Tyler, Aerosmith | 1 | |
| 10. | Patnáctku nejlepších filmů uza... | Nový Zéland | 0 |